000 00601nam a2200169 a 4500
008 090302s1998 ||||||||||||||||| || u
020 _a0240515250
050 _aPN 1992.75 Fai
100 _aFairweather, Rod
245 1 0 _aBasic studio directing.
_cRod Fairweather
260 _aOxford:
_bFocal Press
_c1998
300 _a192p.: ill
350 _a0.00
650 _aTELEVISION--PRODUCTION AND DIRECTION
650 _aMEDIA
995 _D0.00
_FCBU-MAIN LIBRARY (Kitwe)
_H1
_I0.00
_M1
_UAVAILABLE
_WMar 31, 2009
_ZMain Library Open Access Collection
999 _c35627
_d35627